Statistics for 5 Letter Country: Fill In The Blank

Click here to take the quiz!

General Stats

  • This quiz has been taken 83 times
  • The average score is 20 of 24

Answer Stats

Hint5 Letter Country% Correct
Y---n
Yemen
100%
B---nBenin
97%
N---uNauru
94%
Q---rQatar
94%
J---nJapan
93%
H---iHaiti
90%
I---yItaly
90%
G---nGabon
88%
P---uPalau
88%
E---tEgypt
87%
G---aGhana
87%
K---aKenya
87%
C---eChile
84%
N---rNiger
83%
C---aChina
81%
N---lNepal
81%
T---aTonga
81%
S---a
Samoa
80%
I---aIndia
80%
M---aMalta
75%
L---aLibya
74%
S---n
Sudan
70%
S---aSyria
70%
S---n
Spain
67%

Score Distribution

Percentile by Number Answered

Percent of People with Each Score

Your Score History

You have not taken this quiz